| 000 | 01236nam a2200337 i 4500 | ||
|---|---|---|---|
| 001 | bg | ||
| 003 | BPK | ||
| 005 | 20221227131821.0 | ||
| 008 | 010224s2000 pl a f f |000 0 pol | ||
| 015 | _aPB 2001/2939 | ||
| 020 | _a8388283286 | ||
| 040 |
_aWA N _cBPK |
||
| 041 | 0 | _apol | |
| 080 | _a332.1 | ||
| 080 | _a(075.8) | ||
| 100 | 1 |
_aSilski, Zygmunt _d(1931- ) _eAutor |
|
| 245 | 1 | 0 |
_aElementy ekonomiki i polityki regionalnej / _cZygmunt Silski ; Politechnika Koszalińska. |
| 250 | _aWyd. 2 uzup. | ||
| 260 |
_aKoszalin : _bWydaw. Uczelniane PK, _c2000. |
||
| 300 |
_a297 s. : _bil., mapy ; _c24 cm. |
||
| 500 | _aWyd. 1 pt.: Elementy ekonomiki regionalnej. | ||
| 504 | _aBibliogr. | ||
| 521 | 8 | _aSkrypt Wydz. Ekonomii i Zarządzania do przedmiotu Ekonomika regionalna. | |
| 655 | 4 | _aPodręczniki akademickie | |
| 650 | 4 | _aRegionalizacja gospodarcza | |
| 650 | 4 | _aGospodarka regionalna | |
| 710 | 2 |
_aPolitechnika Koszalińska. _bWydawnictwo Uczelniane. _4pbl. |
|
| 856 |
_uhttp://koha.tu.koszalin.pl/cgi-bin/koha/opac-detail.pl?biblionumber=38262 _yKatalog online BPK |
||
| 856 |
_uhttp://dlibra.tu.koszalin.pl/dlibra/docmetadata?id=605 _yBiblioteka Cyfrowa |
||
| 942 |
_2UKD _cKS |
||
| 999 |
_c38262 _d38262 |
||